Bridging the divide: perspectives of an information professional:selected works of Prof.Harsha Parekh (Record no. 11197)
[ view plain ]
| 000 -LEADER | |
|---|---|
| fixed length control field | 00668nam a2200205Ia 4500 |
| 082 ## - DEWEY DECIMAL CLASSIFICATION NUMBER | |
| Classification number | 025.04 PAR-; |
| 245 #0 - TITLE STATEMENT | |
| Title | Bridging the divide: perspectives of an information professional:selected works of Prof.Harsha Parekh |
| 260 ## - PUBLICATION, DISTRIBUTION, ETC. (IMPRINT) | |
| Place of publication | Mumbai |
| Name of publisher | SHPT School of Library Science Past Stud |
| Year of publication | 2003 |
| 300 ## - PHYSICAL DESCRIPTION | |
| Number of Pages | x, 310p. |
| 650 ## - SUBJECT ADDED ENTRY--TOPICAL TERM | |
| Topical Term | Information scientists |
| 650 ## - SUBJECT ADDED ENTRY--TOPICAL TERM | |
| Topical Term | Information organization |
| 650 ## - SUBJECT ADDED ENTRY--TOPICAL TERM | |
| Topical Term | Women's studies |
| 650 ## - SUBJECT ADDED ENTRY--TOPICAL TERM | |
| Topical Term | Digital communications |
| 650 ## - SUBJECT ADDED ENTRY--TOPICAL TERM | |
| Topical Term | Knowledge management |
| 650 ## - SUBJECT ADDED ENTRY--TOPICAL TERM | |
| Topical Term | Female studies |
| 650 ## - SUBJECT ADDED ENTRY--TOPICAL TERM | |
| Topical Term | Information storage and retrieval systems - Management |
| 700 ## - ADDED ENTRY--PERSONAL NAME | |
| Personal name | Sen, Bharati |
| 700 ## - ADDED ENTRY--PERSONAL NAME | |
| Personal name | Jani, Nila |
| 942 ## - ADDED ENTRY ELEMENTS (KOHA) | |
| Koha item type | Books |
| Source of classification or shelving scheme | Dewey Decimal Classification |
| Withdrawn status | Lost status | Damaged status | Not for loan | Home library | Current library | Date acquired | Bill Date | Full call number | Accession Number | Price effective from | Koha item type |
|---|---|---|---|---|---|---|---|---|---|---|---|
| NASSDOC Library | NASSDOC Library | 09/09/2004 | 2004-10-05 | 025.04 PAR-; | 39903 | 18/04/2019 | Books |
